<?xml version="1.0" encoding="UTF-8"?>
<record
    xmlns:xsi="http://www.w3.org/2001/XMLSchema-instance"
    xsi:schemaLocation="http://www.loc.gov/MARC21/slim http://www.loc.gov/standards/marcxml/schema/MARC21slim.xsd"
    xmlns="http://www.loc.gov/MARC21/slim">

  <leader>00387cam a2200133 a 4500</leader>
  <datafield tag="082" ind1="0" ind2="4">
    <subfield code="a">005.133L</subfield>
    <subfield code="b">HAR</subfield>
    <subfield code="c">MCE-L-02,P113</subfield>
  </datafield>
  <datafield tag="100" ind1="1" ind2=" ">
    <subfield code="a">Harvey, Greg.</subfield>
    <subfield code="9">36678</subfield>
  </datafield>
  <datafield tag="245" ind1="1" ind2="0">
    <subfield code="a">LOTUS 1-2-3 instant reference </subfield>
    <subfield code="c">by Greg Harvey.</subfield>
  </datafield>
  <datafield tag="260" ind1=" " ind2=" ">
    <subfield code="a">Delhi. :</subfield>
    <subfield code="b">PBP.,</subfield>
    <subfield code="c">nd.</subfield>
  </datafield>
  <datafield tag="300" ind1=" " ind2=" ">
    <subfield code="a">xvi. 294 p. :</subfield>
    <subfield code="b">Ill.</subfield>
    <subfield code="c">22 cm.</subfield>
  </datafield>
  <datafield tag="526" ind1=" " ind2=" ">
    <subfield code="a">0</subfield>
    <subfield code="b">0</subfield>
    <subfield code="c">0</subfield>
    <subfield code="d">005_000000000000000_133L_HAR</subfield>
  </datafield>
  <datafield tag="650" ind1=" " ind2="0">
    <subfield code="a">MCE</subfield>
    <subfield code="9">379</subfield>
  </datafield>
  <datafield tag="942" ind1=" " ind2=" ">
    <subfield code="2">ddc</subfield>
    <subfield code="c">BK</subfield>
  </datafield>
  <datafield tag="999" ind1=" " ind2=" ">
    <subfield code="c">541687</subfield>
    <subfield code="d">541687</subfield>
  </datafield>
  <datafield tag="952" ind1=" " ind2=" ">
    <subfield code="0">0</subfield>
    <subfield code="1">0</subfield>
    <subfield code="2">ddc</subfield>
    <subfield code="4">0</subfield>
    <subfield code="7">0</subfield>
    <subfield code="a">MCE</subfield>
    <subfield code="b">MCE</subfield>
    <subfield code="d">2013-08-22</subfield>
    <subfield code="l">0</subfield>
    <subfield code="o">005.133L HAR</subfield>
    <subfield code="p">MCE-24989</subfield>
    <subfield code="r">2013-08-22</subfield>
    <subfield code="w">2013-08-22</subfield>
    <subfield code="y">BK</subfield>
  </datafield>
</record>
